[Event "Elancourt op"]
[Site "Elancourt"]
[Date "2005.04.28"]
[Round "7"]
[White "Benier, Adrien"]
[Black "D'Avout d'Averstaedt, Geoffroy"]
[Result "1/2-1/2"]
[WhiteElo "1970"]
[BlackElo "2032"]
[PlyCount "97"]
[EventDate "2005.04.23"]
[EventType "swiss"]
[EventRounds "9"]
[EventCountry "FRA"]
[SourceTitle "CBM 105 Extra"]
[Source "ChessBase"]
[SourceDate "2005.05.01"]
[SourceVersion "1"]
[SourceVersionDate "2005.05.01"]
[SourceQuality "1"]

1. e4 e6 2. d4 b6 3. Bd3 Bb7 4. Nf3 Nf6 5. Qe2 d5 6. e5 Nfd7 7. Ng5 Be7 8. Qh5 g6 9. Qh6 Bf8 10. Qh3 Bg7 11. Nc3 a6 12. Ne2 Nc6 13. c3 Qe7 14. Nf3 0-0-0 15. Bg5 f6 16. exf6 Bxf6 17. Bxf6 Qxf6 18. 0-0-0 Kb8 19. Qg3 e5 20. dxe5 Ndxe5 21. Nxe5 Nxe5 22. Rhe1 Rde8 23. f4 Nxd3+ 24. Qxd3 Re4 25. g3 Rhe8 26. Rd2 Re3 27. Qc2 Qf5 28. Qxf5 gxf5 29. Kd1 c5 30. Rf1 d4 31. cxd4 Bf3 32. Rxf3 Rxf3 33. dxc5 Rf1+ 34. Kc2 bxc5 35. Nc3 Kc7 36. Na4 Kc6 37. Nc3 Rh1 38. Rg2 Re6 39. Kb3 Rh6 40. h4 Rg6 41. Re2 Rh3 42. Re5 Rgxg3 43. Rxf5 Rxh4 44. Kc4 h5 45. Rf6+ Kb7 46. Kxc5 Rf3 47. Rf7+ Kc8 48. Nd5 Rh2 49. Kd6 1/2-1/2

[Event "Montigny le Bretonneux Noel op 07th"]
[Site "Montigny le Bretonneux"]
[Date "2004.12.30"]
[Round "6"]
[White "Etrog, Jonathan"]
[Black "D'Avout d'Averstaedt, Geoffroy"]
[Result "1-0"]
[WhiteElo "2059"]
[BlackElo "2037"]
[PlyCount "57"]
[EventDate "2004.12.??"]
[EventType "swiss"]
[EventRounds "7"]
[EventCountry "FRA"]
[SourceTitle "EXT 2006"]
[Source "ChessBase"]
[SourceDate "2005.11.24"]
[SourceVersion "1"]
[SourceVersionDate "2005.11.24"]
[SourceQuality "1"]

1. e4 e6 2. d3 d5 3. Nd2 Nf6 4. g3 dxe4 5. dxe4 e5 6. Ngf3 Bc5 7. Bg2 Nc6 8. 0-0 Be6 9. Qe2 Nd7 10. Rd1 0-0 11. c3 f6 12. Nf1 Qe8 13. Be3 Qh5 14. Qb5 Bb6 15. Bxb6 Nxb6 16. Ne3 Rad8 17. b3 Kh8 18. Qe2 g6 19. Rxd8 Nxd8 20. Rd1 Nf7 21. c4 Ng5 22. Nxg5 Qxe2 23. Nxe6 Rc8 24. c5 Na8 25. Rd7 Re8 26. Nd8 Kg8 27. Nd5 Qd1+ 28. Bf1 Qf3 29. Be2 1-0

[Event "Montigny le Bretonneux Noel op 07th"]
[Site "Montigny le Bretonneux"]
[Date "2004.12.28"]
[Round "4"]
[White "Fischer, Jean Claude"]
[Black "D'Avout d'Averstaedt, Geoffroy"]
[Result "0-1"]
[WhiteElo "1890"]
[BlackElo "2037"]
[PlyCount "88"]
[EventDate "2004.12.??"]
[EventType "swiss"]
[EventRounds "7"]
[EventCountry "FRA"]
[SourceTitle "EXT 2006"]
[Source "ChessBase"]
[SourceDate "2005.11.24"]
[SourceVersion "1"]
[SourceVersionDate "2005.11.24"]
[SourceQuality "1"]

1. e4 e6 2. d4 d5 3. exd5 exd5 4. h3 Bd6 5. Bd3 Nf6 6. Nf3 0-0 7. 0-0 Ne4 8. Bxe4 dxe4 9. Ne5 Be6 10. Qe2 Bxe5 11. dxe5 Qd4 12. Nd2 Bf5 13. Qb5 Nd7 14. c3 Qxe5 15. Qxe5 Nxe5 16. Re1 Rad8 17. f3 Nd3 18. Re2 Nxc1 19. Rxc1 exf3 20. Nxf3 Rfe8 21. Rce1 Rxe2 22. Rxe2 Kf8 23. Kf2 h6 24. Rd2 Rxd2+ 25. Nxd2 g5 26. Ke3 Ke7 27. a3 Be6 28. Nf3 Bd5 29. Ne1 a5 30. b4 f5 31. g3 axb4 32. axb4 Be4 33. Kd4 Ke6 34. c4 h5 35. h4 gxh4 36. gxh4 b6 37. b5 Kd6 38. Ke3 Ke5 39. Nf3+ Bxf3 40. Kxf3 f4 41. Kf2 Ke4 42. Ke2 f3+ 43. Kf1 Kf4 44. Kf2 Kg4 0-1

[Event "Montigny le Bretonneux Noel op 06th"]
[Site "Montigny le Bretonneux"]
[Date "2003.12.27"]
[Round "2"]
[White "Plantet, Sebastien"]
[Black "D'Avout d'Averstaedt, Geoffroy"]
[Result "1-0"]
[WhiteElo "2301"]
[BlackElo "1950"]
[PlyCount "135"]
[EventDate "2003.12.26"]
[EventType "swiss"]
[EventRounds "6"]
[EventCountry "FRA"]
[SourceTitle "CBM 097 Extra"]
[Source "ChessBase"]
[SourceDate "2004.01.13"]
[SourceVersion "1"]
[SourceVersionDate "2004.01.13"]
[SourceQuality "1"]

1. c4 Nf6 2. Nc3 g6 3. g3 Bg7 4. Bg2 0-0 5. d4 d6 6. Nf3 c6 7. e4 Qa5 8. 0-0 Qh5 9. Ng5 h6 10. Qxh5 Nxh5 11. Nf3 a6 12. h3 Nd7 13. g4 Nhf6 14. Bf4 Ne8 15. e5 dxe5 16. Nxe5 Nxe5 17. Bxe5 Bxe5 18. dxe5 Be6 19. b3 Rd8 20. Rfd1 Ng7 21. Be4 Bc8 22. f3 Ne6 23. Kf2 Kg7 24. Ke3 f5 25. exf6+ exf6 26. Rxd8 Rxd8 27. Rd1 Re8 28. Kf2 Nc5 29. Bc2 a5 30. Ne4 Nxe4+ 31. Bxe4 f5 32. gxf5 gxf5 33. Bc2 Kf6 34. f4 Be6 35. Rd2 a4 36. Bd1 axb3 37. axb3 Ra8 38. Bf3 Ra3 39. Rb2 Ke7 40. h4 Kd6 41. Rd2+ Ke7 42. Bd1 b5 43. cxb5 cxb5 44. Ke3 b4 45. Kd4 Bxb3 46. Bxb3 Rxb3 47. Ke5 Ra3 48. Rd5 Rh3 49. Rb5 Rxh4 50. Rb7+ Kf8 51. Kf6 Ke8 52. Ke6 Kf8 53. Kxf5 Rh1 54. Kf6 Kg8 55. Rxb4 h5 56. f5 Rf1 57. Rb8+ Kh7 58. Rb7+ Kg8 59. Rg7+ Kf8 60. Rh7 Kg8 61. Rxh5 Ra1 62. Rg5+ Kf8 63. Rg6 Ra6+ 64. Kg5 Ra1 65. Rb6 Kf7 66. Rb7+ Kf8 67. Kg6 Rg1+ 68. Kf6 1-0

[Event "Montigny le Bretonneux Noel op 06th"]
[Site "Montigny le Bretonneux"]
[Date "2003.12.26"]
[Round "1"]
[White "D'Avout d'Averstaedt, Geoffroy"]
[Black "Richet, Clement"]
[Result "1-0"]
[WhiteElo "1950"]
[BlackElo "1510"]
[PlyCount "37"]
[EventDate "2003.12.26"]
[EventType "swiss"]
[EventRounds "6"]
[EventCountry "FRA"]
[SourceTitle "CBM 097 Extra"]
[Source "ChessBase"]
[SourceDate "2004.01.13"]
[SourceVersion "1"]
[SourceVersionDate "2004.01.13"]
[SourceQuality "1"]

1. e4 c5 2. Nf3 Nc6 3. Bb5 g6 4. 0-0 Bg7 5. Re1 Nd4 6. Nxd4 cxd4 7. c3 a6 8. Bf1 d6 9. cxd4 Qb6 10. e5 Qxd4 11. exd6 Qxd6 12. Nc3 Nf6 13. h3 b5 14. b4 Bb7 15. a4 Nd5 16. Ne4 Qc6 17. axb5 axb5 18. Rxa8+ Bxa8 19. Bxb5 1-0

[Event "Montigny le Bretonneux op 7th"]
[Site "Montigny le Bretonneux"]
[Date "2003.05.04"]
[Round "8.8"]
[White "D'Avout d'Averstaedt, Geoffroy"]
[Black "Roux, Jean Luc"]
[Result "0-1"]
[WhiteElo "1599"]
[BlackElo "2050"]
[PlyCount "98"]
[EventDate "2003.05.??"]
[EventType "swiss"]
[EventRounds "9"]
[EventCountry "FRA"]
[SourceTitle "EXT 2004"]
[Source "ChessBase"]
[SourceDate "2003.11.25"]
[SourceVersion "1"]
[SourceVersionDate "2003.11.25"]
[SourceQuality "1"]

1. Nf3 d5 2. d4 Nf6 3. Bf4 c6 4. h3 g6 5. e3 Bg7 6. Bd3 Nbd7 7. c3 Ne4 8. Nbd2 f5 9. h4 Ndf6 10. Ne5 Nd7 11. Ndf3 c5 12. Bxe4 dxe4 13. Qb3 Rf8 14. Ng5 Nxe5 15. dxe5 h6 16. Rd1 Qb6 17. Qa4+ Qc6 18. Qxc6+ bxc6 19. Nh3 Ba6 20. Rg1 Kf7 21. Rd7 Ke6 22. Rc7 Rfc8 23. Rxc8 Rxc8 24. Kd2 Rd8+ 25. Kc1 Bc4 26. b3 Bd3 27. c4 a5 28. Rd1 Rb8 29. Kb2 Bxc4 30. Rc1 Bd5 31. Rxc5 a4 32. Bg3 Bxe5+ 33. Bxe5 Kxe5 34. Nf4 axb3 35. axb3 Rxb3+ 36. Kc2 Ra3 37. Nxg6+ Kd6 38. Rc3 Ra2+ 39. Kd1 Rxf2 40. Nf4 e5 41. Nxd5 cxd5 42. Ra3 Rxg2 43. Ra6+ Kc5 44. Rxh6 f4 45. Rh5 fxe3 46. Rxe5 Kd4 47. Rf5 Kc4 48. h5 d4 49. Re5 Kd3 0-1

[Event "Montigny le Bretonneux op 7th"]
[Site "Montigny le Bretonneux"]
[Date "2003.05.03"]
[Round "4.8"]
[White "D'Avout d'Averstaedt, Geoffroy"]
[Black "Bourigault, Jerome"]
[Result "1-0"]
[WhiteElo "1599"]
[BlackElo "1610"]
[PlyCount "92"]
[EventDate "2003.05.??"]
[EventType "swiss"]
[EventRounds "9"]
[EventCountry "FRA"]
[SourceTitle "EXT 2004"]
[Source "ChessBase"]
[SourceDate "2003.11.25"]
[SourceVersion "1"]
[SourceVersionDate "2003.11.25"]
[SourceQuality "1"]

1. d4 f5 2. Nf3 Nf6 3. h3 b6 4. Bf4 Bb7 5. e3 e6 6. Nbd2 Be7 7. Bd3 0-0 8. c3 d6 9. Qc2 Qe8 10. Rg1 Nbd7 11. Bh2 Qh5 12. 0-0-0 d5 13. Bxc7 Rfc8 14. Be5 a6 15. g4 fxg4 16. hxg4 Nxg4 17. Rh1 Qf7 18. Bxh7+ Kf8 19. Bg6 Qg8 20. Bxg7+ Qxg7 21. Rh7 Qg8 22. Rdh1 Nxf2 23. Rh8 Nxh1 24. Rxg8+ Kxg8 25. Bh7+ Kf8 26. Qg6 Bf6 27. Qh6+ Ke7 28. Qxh1 Rh8 29. Qh6 Nf8 30. Ng5 Nxh7 31. Nxh7 Raf8 32. Qg6 Rhg8 33. Qh6 Rg1+ 34. Kc2 Rf7 35. Nxf6 Rxf6 36. Qh2 Rg7 37. Qc7+ Kf8 38. Qxb6 Kg8 39. Qd8+ Rf8 40. Qd6 Re8 41. Nb3 Rg1 42. Nc5 Bc8 43. Qc6 Rf8 44. Kb3 Rg6 45. Kb4 Rgf6 46. Ka5 Kh8 1-0